Postavenie slovenských domácností z pohľadu mikrocenzového šetrenia
Rozdiel medzi obsahovým chápaním pojmu rodina a domácnosť. Termín cenzová domácnosť v ekonomickej štatistike. Základné údaje o obyvateľstve Slovenskej republiky. Postoje a očakávania domácností. Zmeny v životných podmienkach a adaptačné mechanizmy. Príjmy domácností z hľadiska optiky mikrocenzového...
Guardado en:
| Autor principal: | |
|---|---|
| Formato: | Capítulo de libro |
| Lenguaje: | eslovaco |
| Materias: | |
| Etiquetas: |
Sin Etiquetas, Sea el primero en etiquetar este registro!
|
MARC
| LEADER | 00000naa$a2200000$$$4500 | ||
|---|---|---|---|
| 001 | 0041851 | ||
| 005 | 20231107111159.5 | ||
| 041 | 0 | |a slo | |
| 044 | |a SK | ||
| 245 | 1 | 0 | |a Postavenie slovenských domácností z pohľadu mikrocenzového šetrenia |c Ľubica Azudová |
| 520 | |a Rozdiel medzi obsahovým chápaním pojmu rodina a domácnosť. Termín cenzová domácnosť v ekonomickej štatistike. Základné údaje o obyvateľstve Slovenskej republiky. Postoje a očakávania domácností. Zmeny v životných podmienkach a adaptačné mechanizmy. Príjmy domácností z hľadiska optiky mikrocenzového šetrenia. História vývoja príjmov domácností. Sociálne vedomie rodín. | ||
| 610 | 2 | 0 | |a mikrocenzus |
| 610 | 2 | 0 | |a domácnosti |
| 610 | 2 | 0 | |a rodina |
| 610 | 2 | 0 | |a demografia ekonomická |
| 610 | 2 | 0 | |a Slovensko |
| 610 | 2 | 0 | |a príjmy obyvateľstva |
| 610 | 2 | 0 | |a príjmy rodinné |
| 610 | 2 | 0 | |a situácia hospodárska |
| 610 | 2 | 0 | |a úroveň životná |
| 610 | 2 | 0 | |a výskum štatistický |
| 100 | 1 | |a Azudová, Ľubica | |